Transfery Leicester w letnim okienku transferowym 2021/22. - Statystyki

Ogólne statystyki
  • Ten quiz został rozwiązany 25 razy
    22 od ostatniego zresetowania
  • Średni wynik to 3 z 5
Statystyki odpowiedzi
Cena Pozycja Narodowość Poprzedni Klub Piłkarz % Poprawnych
30,00 mln Środkowy napastnik Zambia RB Salzburg Daka
90%
17,60 mln Środkowy obrońca Dania Southampton Vestergaard
76%
Za darmo Lewy obrońca Anglia Southampton Bertrand
52%
Wypożyczenie Lewy napastnik Anglia RB Lipsk Lookman
48%
20,00 mln Defensywny pomocnik Francja Lille Soumare
38%
Nie znaleziono quizów pasujących do podanych kryteriów
Rozkład punktacji
Procent ludzi z każdym wynikiem
Percentyl według liczby udzielonych odpowiedzi
Twoja historia wyników
Nie rozwiązałeś tego quizu od ostatniego zresetowania